| 000 | 00645nam a2200181 a 4500 | ||
|---|---|---|---|
| 001 | 000268177 | ||
| 003 | AM-YeHGA | ||
| 005 | 20250618075810.0 | ||
| 008 | 031002s1959 ai r 000 0 rus d | ||
| 040 | _aAM-YeHGA | ||
| 100 | 1 |
_aՀուրունց, Լեոնիդ Կարախանի, _d1913-1982 _92643 |
|
| 245 | 1 | 0 |
_aКарабахская поэма : _bПовесть / _cЛ.К. Гурунц. |
| 260 |
_aЕреван : _bАрмгосиздат, _c1959. |
||
| 300 |
_a600 стр. ; _c21 см. |
||
| 500 | _aСветлой памяти моей матери | ||
| 650 | 1 | 4 |
_aАрмянская литература _xПовесть |
| 090 | _c501979 | ||
| 999 |
_c498577 _d498577 |
||